000 00317nam a22001337a 4500
008 171101b xxu||||| |||| 00| 0 eng d
020 _a9780231131551
041 _aeng
080 _a339.9
100 _a59
101 _aGLO
245 _aECONOMIC GOVERNANCE IN THE AGE OF GLOBALIZATION
_cTABB,W.K
942 _2udc
_cBK
999 _c37098
_d37098